000 00890nam a22002537a 4500
005 20170123164144.0
010 _aB-264133
020 _c120.00
_a8171163637
035 _aB-264133
037 _bCen Lib/Ret
040 _aDPL
_bPN
082 _a
_bਅਤਰ
100 _aਅਤਰਜੀਤ
_9500
245 _aਰੇਤੇ ਦਾ ਮਹਿਲ : ਕਹਾਣੀ ਸੰਗੁਹਿ /
_cਅਤਰਜੀਤ
246 _aRete da mehal /
_bby Attarjeet
260 _aਦਿੱਲੀ
_bਨੈਸ਼ਨਲ ਬੂਕ ਸ਼ਾਪ
_c2007
270 _aਚਾਂਦਨੀ ਚੈਕ
_bਦਿੱਲੀ
_e110006
300 _a135p ;
_c20cm
650 _aਪੰਜਾਬੀ-- ਸਾਹਿਤ
_9120680
650 _aਪੰਜਾਬੀ-- ਕਹਾਣੀਆ
_9120681
650 _aliterature--Punjabi
_9114104
650 _aPunjabi - story
_9116063
942 _2ddc
_cPN
_h
_mਅਤਰ
999 _c109871
_d109871